[Event "IECG CP.2007.P.00061 email"]
[Site "IECG email"]
[Date "2007.10.01"]
[Round "?"]
[White "Tener, Vadim"]
[Black "Cirina, Gianluca"]
[Result "1/2-1/2"]
[WhiteElo "1193"]
[BlackElo "1672"]
[PlyCount "110"]
[EventDate "2007.10.01"]
[EventType "tourn (corr)"]
[EventRounds "6"]
[SourceTitle "Corr 2024"]
[Source "ChessBase"]
[SourceDate "2023.10.19"]
[SourceVersion "1"]
[SourceVersionDate "2023.10.19"]
[SourceQuality "1"]

1. d4 Nf6 2. c4 e6 3. Nf3 b6 4. g3 Ba6 5. b3 Bb7 6. Bg2 Bb4+ 7. Bd2 Bxd2+ 8. Qxd2 0-0 9. 0-0 h6 10. Nc3 d5 11. Rfd1 Nbd7 12. Rac1 a6 13. Qc2 Qe7 14. Ne1 Rac8 15. e3 c5 16. dxc5 Nxc5 17. cxd5 exd5 18. Nxd5 Nxd5 19. Bxd5 Na4 20. Qd2 Bxd5 21. Rxc8 Rxc8 22. Qxd5 Nc3 23. Qd6 Qa7 24. Rd2 Ne4 25. Qd7 Qxd7 26. Rxd7 Rc1 27. Kf1 Ra1 28. Rd8+ Kh7 29. Rd4 Ng5 30. Rf4 Ne6 31. Rxf7 Nc5 32. Rc7 Nd3 33. Ke2 Nxe1 34. a4 Rb1 35. Rc6 g5 36. Rxb6 g4 37. Rxa6 Nf3 38. Rb6 Rb2+ 39. Kd3 Rxf2 40. a5 Ra2 41. b4 h5 42. a6 h4 43. gxh4 Nxh2 44. h5 g3 45. Rg6 g2 46. Kc3 Nf3 47. Kb3 Ne5 48. Kxa2 Nxg6 49. hxg6+ Kxg6 50. a7 g1Q 51. a8Q Qxe3 52. Qc6+ Kf5 53. Qc5+ Qxc5 54. bxc5 Ke5 55. Kb3 Kd5 1/2-1/2

[Event "IECG CC.2007.0.00148 email"]
[Site "IECG email"]
[Date "2007.05.20"]
[Round "?"]
[White "Cirina, Gianluca"]
[Black "Eshuis, Hans"]
[Result "1-0"]
[WhiteElo "1672"]
[BlackElo "1715"]
[PlyCount "65"]
[EventDate "2007.05.20"]
[EventType "tourn (corr)"]
[EventRounds "6"]
[SourceTitle "Corr 2024"]
[Source "ChessBase"]
[SourceDate "2023.10.19"]
[SourceVersion "1"]
[SourceVersionDate "2023.10.19"]
[SourceQuality "1"]

1. e4 c5 2. Nf3 d6 3. d4 cxd4 4. Nxd4 Nf6 5. Nc3 a6 6. Be2 e5 7. Nb3 Be6 8. 0-0 Be7 9. Be3 Nbd7 10. a4 Rc8 11. Bf3 0-0 12. a5 Qc7 13. Re1 Nc5 14. h3 Rfe8 15. Re2 Bc4 16. Rd2 Qc6 17. Nxc5 dxc5 18. b3 Be6 19. Nd5 Bxd5 20. exd5 Qd6 21. Ra4 Bf8 22. Rc4 g6 23. Bg4 Rc7 24. b4 cxb4 25. Rxc7 Qxc7 26. d6 Qxa5 27. Bg5 Bg7 28. d7 Rd8 29. Rd6 h5 30. Rxf6 hxg4 31. Rd6 gxh3 32. Bxd8 Qxd8 33. Qd5 1-0

[Event "IECG TE.2007.P.02407 email"]
[Site "IECG email"]
[Date "2007.03.31"]
[Round "1"]
[White "Cirina, Gianluca"]
[Black "Daenen, Serge"]
[Result "1-0"]
[WhiteElo "1672"]
[BlackElo "1850"]
[PlyCount "81"]
[EventDate "2007.03.31"]
[EventType "tourn (corr)"]
[EventRounds "12"]
[SourceTitle "Corr 2024"]
[Source "ChessBase"]
[SourceDate "2023.10.19"]
[SourceVersion "1"]
[SourceVersionDate "2023.10.19"]
[SourceQuality "1"]

1. d4 d5 2. c4 e5 3. dxe5 d4 4. Nf3 Nc6 5. g3 Be6 6. Nbd2 Nge7 7. Bg2 Ng6 8. Qb3 Rb8 9. Ng5 Bd7 10. e6 fxe6 11. h4 h6 12. Be4 Nge5 13. f4 hxg5 14. fxe5 Nxe5 15. Nf3 Nxf3+ 16. Qxf3 Qf6 17. Bxg5 Bb4+ 18. Kf2 Qxf3+ 19. exf3 Kf7 20. h5 e5 21. f4 Bc6 22. Bxc6 bxc6 23. fxe5 Be7 24. Bc1 g6 25. hxg6+ Kxg6 26. Rxh8 Rxh8 27. Bf4 Rh2+ 28. Kf3 Rxb2 29. Rh1 Bf8 30. Rh8 Kg7 31. Rh6 Rb6 32. g4 Kg8 33. Rg6+ Kf7 34. Rf6+ Ke8 35. g5 c5 36. g6 Bg7 37. Bg5 a6 38. Ke4 Bxf6 39. exf6 Rb8 40. Bf4 Rd8 41. f7+ 1-0

[Event "IECG TE.2007.P.02407 email"]
[Site "IECG email"]
[Date "2007.03.31"]
[Round "1"]
[White "Cirina, Gianluca"]
[Black "Romero, Agustin"]
[Result "1-0"]
[WhiteElo "1672"]
[BlackElo "864"]
[PlyCount "39"]
[EventDate "2007.03.31"]
[EventType "tourn (corr)"]
[EventRounds "12"]
[SourceTitle "Corr 2024"]
[Source "ChessBase"]
[SourceDate "2023.10.19"]
[SourceVersion "1"]
[SourceVersionDate "2023.10.19"]
[SourceQuality "1"]

1. d4 d5 2. c4 e5 3. dxe5 d4 4. Nf3 Nc6 5. g3 Bg4 6. Bg2 Qd7 7. 0-0 0-0-0 8. Qb3 Na5 9. Qb5 Qxb5 10. cxb5 Nc4 11. Nbd2 Bb4 12. Nxc4 Ne7 13. a3 Bc5 14. b4 Bxf3 15. Bxf3 Bb6 16. Bg5 Rhe8 17. Rac1 h6 18. Nd6+ Rxd6 19. exd6 Ng6 20. Bg4+ 1-0

[Event "IECG TE.2007.P.02407 email"]
[Site "IECG email"]
[Date "2007.03.31"]
[Round "2"]
[White "Romero, Agustin"]
[Black "Cirina, Gianluca"]
[Result "0-1"]
[WhiteElo "864"]
[BlackElo "1672"]
[PlyCount "77"]
[EventDate "2007.03.31"]
[EventType "tourn (corr)"]
[EventRounds "12"]
[SourceTitle "Corr 2024"]
[Source "ChessBase"]
[SourceDate "2023.10.19"]
[SourceVersion "1"]
[SourceVersionDate "2023.10.19"]
[SourceQuality "1"]

1. d4 d5 2. c4 e5 3. dxe5 d4 4. Nf3 Nc6 5. g3 Nge7 6. Bg2 Ng6 7. 0-0 Ngxe5 8. Nxe5 Nxe5 9. e3 dxe3 10. Qxd8+ Kxd8 11. Rd1+ Ke8 12. Bxe3 Nxc4 13. Bd4 c6 14. Nd2 Nxd2 15. Rxd2 f6 16. Re1+ Kf7 17. Bc3 Be6 18. Rde2 Bxa2 19. Bh3 Bd5 20. Be6+ Bxe6 21. Rxe6 Bc5 22. Kg2 Rhd8 23. R6e4 b6 24. h4 a5 25. Re6 Bd6 26. R6e4 b5 27. Bd4 c5 28. Bc3 b4 29. Bd2 a4 30. Bf4 Bxf4 31. Re7+ Kf8 32. gxf4 Rd1 33. R1e6 a3 34. bxa3 bxa3 35. Rc7 a2 36. Ree7 a1Q 37. Rf7+ Ke8 38. Rce7+ Kd8 39. Rb7 0-1

[Event "IECG TE.2006.P.02319 email"]
[Site "IECG email"]
[Date "2006.12.20"]
[Round "2"]
[White "Bhandarkar, Dinesh"]
[Black "Cirina, Gianluca"]
[Result "0-1"]
[WhiteElo "1986"]
[BlackElo "1672"]
[PlyCount "76"]
[EventDate "2006.12.20"]
[EventType "tourn (corr)"]
[EventRounds "12"]
[SourceTitle "Corr 2024"]
[Source "ChessBase"]
[SourceDate "2023.10.19"]
[SourceVersion "1"]
[SourceVersionDate "2023.10.19"]
[SourceQuality "1"]

1. e4 c5 2. c3 Nf6 3. e5 Nd5 4. d4 cxd4 5. cxd4 d6 6. Nf3 Nc6 7. Bc4 e6 8. 0-0 Be7 9. Qe2 0-0 10. Qe4 Qc7 11. Bd3 f5 12. exf6 Nxf6 13. Qe2 Nb4 14. Bc4 d5 15. Bb3 Nc6 16. Nc3 a6 17. Bg5 Ng4 18. g3 Bd6 19. Be3 Qd8 20. h3 Nxe3 21. Qxe3 Bd7 22. Rfe1 Qf6 23. Kg2 Rf7 24. Ng5 Nxd4 25. Nxf7 Kxf7 26. Rad1 Bc5 27. Qf4 Qxf4 28. gxf4 Rf8 29. Re5 Nxb3 30. axb3 Bd6 31. Re3 Bxf4 32. Rf3 g5 33. Ne2 Ke7 34. Nxf4 gxf4 35. Rd4 Rg8+ 36. Kh2 e5 37. Rxd5 Bc6 38. Rxe5+ Kd6 0-1

[Event "IECG TE.2006.P.02319 email"]
[Site "IECG email"]
[Date "2006.12.20"]
[Round "2"]
[White "Buchaillot, Luis Mario"]
[Black "Cirina, Gianluca"]
[Result "0-1"]
[WhiteElo "1954"]
[BlackElo "1672"]
[PlyCount "50"]
[EventDate "2006.12.20"]
[EventType "tourn (corr)"]
[EventRounds "12"]
[SourceTitle "Corr 2024"]
[Source "ChessBase"]
[SourceDate "2023.10.19"]
[SourceVersion "1"]
[SourceVersionDate "2023.10.19"]
[SourceQuality "1"]

1. e4 c5 2. c3 Nf6 3. e5 Nd5 4. d4 cxd4 5. Nf3 e6 6. cxd4 d6 7. Nc3 Nxc3 8. bxc3 Qc7 9. Qb3 Nd7 10. Bf4 dxe5 11. Nxe5 Bd6 12. Qc4 Qxc4 13. Bxc4 Nxe5 14. dxe5 Ba3 15. Bc1 Bxc1 16. Rxc1 Bd7 17. f4 Rc8 18. Bd3 Ke7 19. Kf2 Rhd8 20. Ke3 Rc5 21. Rhe1 Bc6 22. Rc2 h5 23. c4 f6 24. exf6+ Kxf6 25. g3 Rd6 0-1

[Event "IECG TE.2006.P.02319 email"]
[Site "IECG email"]
[Date "2006.12.20"]
[Round "1"]
[White "Cirina, Gianluca"]
[Black "Bhandarkar, Dinesh"]
[Result "1-0"]
[WhiteElo "1672"]
[BlackElo "1986"]
[PlyCount "69"]
[EventDate "2006.12.20"]
[EventType "tourn (corr)"]
[EventRounds "12"]
[SourceTitle "Corr 2024"]
[Source "ChessBase"]
[SourceDate "2023.10.19"]
[SourceVersion "1"]
[SourceVersionDate "2023.10.19"]
[SourceQuality "1"]

1. e4 c5 2. c3 d5 3. exd5 Qxd5 4. d4 Nf6 5. Nf3 e6 6. Be2 Nc6 7. 0-0 cxd4 8. cxd4 Be7 9. Nc3 Qd6 10. Nb5 Qd8 11. Bf4 Nd5 12. Bg3 a6 13. Nc3 0-0 14. Rc1 Nf6 15. a3 b6 16. Bc4 Bb7 17. Ba2 Rc8 18. Qd3 b5 19. b4 Re8 20. Rfe1 Qb6 21. d5 exd5 22. Nxd5 Nxd5 23. Qxd5 Rf8 24. Qh5 h6 25. Bf4 Bf6 26. Re6 fxe6 27. Bxe6+ Kh7 28. Bxh6 gxh6 29. Bf5+ Kg8 30. Qg6+ Bg7 31. Qh7+ Kf7 32. Ng5+ hxg5 33. Qg6+ Kg8 34. Be6+ Kh8 35. Qh5+ 1-0

[Event "IECG TE.2006.P.02319 email"]
[Site "IECG email"]
[Date "2006.12.20"]
[Round "2"]
[White "Cirina, Gianluca"]
[Black "Blankenberg, Bruno"]
[Result "1/2-1/2"]
[WhiteElo "1672"]
[BlackElo "1721"]
[PlyCount "71"]
[EventDate "2006.12.20"]
[EventType "tourn (corr)"]
[EventRounds "12"]
[SourceTitle "Corr 2024"]
[Source "ChessBase"]
[SourceDate "2023.10.19"]
[SourceVersion "1"]
[SourceVersionDate "2023.10.19"]
[SourceQuality "1"]

1. e4 c5 2. c3 e6 3. Nf3 d5 4. exd5 Qxd5 5. d4 Nf6 6. Be2 Nc6 7. 0-0 cxd4 8. cxd4 Be7 9. Nc3 Qd6 10. Nb5 Qd8 11. Bf4 Nd5 12. Bg3 a6 13. Nc3 Nf6 14. Rc1 0-0 15. a3 b6 16. Bc4 Bb7 17. Ba2 Rc8 18. Qd3 Bd6 19. Ne4 Bxg3 20. hxg3 Nxe4 21. Qxe4 Qf6 22. Bb1 g6 23. Qe3 Ne7 24. Ne5 Nd5 25. Qd2 Qe7 26. Ba2 Nf6 27. Qf4 Kg7 28. Rfe1 h6 29. Qe3 Nd5 30. Qd2 Rfd8 31. Bxd5 Bxd5 32. Rc3 Rxc3 33. Qxc3 Rb8 34. Rc1 Rb7 35. Qc8 a5 36. Kh2 1/2-1/2

[Event "Cagliari Bitti Memorial-B 1st"]
[Site "Cagliari"]
[Date "2001.04.01"]
[Round "6"]
[White "Cirina, Gianluca"]
[Black "Mascia, Giancarlo"]
[Result "1-0"]
[WhiteElo "1690"]
[BlackElo "1356"]
[PlyCount "65"]
[EventDate "2001.03.17"]
[EventType "swiss"]
[EventRounds "7"]
[EventCountry "ITA"]
[SourceTitle "EXT 2023"]
[Source "ChessBase"]
[SourceDate "2022.10.05"]
[SourceVersion "1"]
[SourceVersionDate "2022.10.05"]
[SourceQuality "1"]

1. e4 c6 2. d4 d5 3. Nc3 dxe4 4. Nxe4 Bf5 5. Ng3 Bg6 6. Nf3 e6 7. Ne5 Ne7 8. Bc4 Nf5 9. Nxg6 hxg6 10. Nxf5 gxf5 11. Be3 Nd7 12. Qd3 Be7 13. 0-0-0 Nf6 14. f3 Nd5 15. Bd2 b5 16. Bb3 a5 17. a3 a4 18. Ba2 0-0 19. c3 Qc7 20. g4 fxg4 21. Rdg1 Nf4 22. Qe4 Bg5 23. fxg4 Nh3 24. Rf1 Bxd2+ 25. Kxd2 Ng5 26. Qe3 Nh7 27. g5 g6 28. h4 Rfd8 29. h5 Nf8 30. hxg6 Nxg6 31. Qh3 Kf8 32. Qxe6 Rd7 33. Qxg6 1-0

[Event "Cagliari Bitti Memorial-B 1st"]
[Site "Cagliari"]
[Date "2001.03.31"]
[Round "5"]
[White "Cirina, Gianluca"]
[Black "Collu, Giuseppe"]
[Result "1-0"]
[WhiteElo "1690"]
[BlackElo "1503"]
[PlyCount "110"]
[EventDate "2001.03.17"]
[EventType "swiss"]
[EventRounds "7"]
[EventCountry "ITA"]
[SourceTitle "EXT 2023"]
[Source "ChessBase"]
[SourceDate "2022.10.05"]
[SourceVersion "1"]
[SourceVersionDate "2022.10.05"]
[SourceQuality "1"]

1. e4 e5 2. f4 exf4 3. Nf3 Be7 4. Bc4 Bh4+ 5. Kf1 d6 6. d4 Bg4 7. Nc3 Nc6 8. Bxf4 Bf6 9. Be3 Nge7 10. h3 Bxf3 11. gxf3 a6 12. a4 Ng6 13. Nd5 Bh4 14. Qd2 0-0 15. Ke2 Kh8 16. Rag1 Nce7 17. f4 f5 18. e5 c6 19. Nc3 dxe5 20. dxe5 Qc7 21. Bc5 Rad8 22. Bd6 Qd7 23. Rg2 Nc8 24. Kf3 Nxd6 25. exd6 Qxd6 26. Qxd6 Rxd6 27. Ne2 Bf6 28. Rgg1 b5 29. axb5 cxb5 30. Bd3 Bxb2 31. Rb1 Bd4 32. Rb3 Bc5 33. Ng3 Nh4+ 34. Ke2 Re6+ 35. Kd1 Bf2 36. Ne2 Be3 37. Rf1 Rd6 38. Ng3 Rd4 39. Ra3 Rxf4 40. Rxa6 Rxf1+ 41. Nxf1 f4 42. Bxb5 Nf5 43. Bd3 h5 44. Ra5 g6 45. Nxe3 Nxe3+ 46. Ke2 Kg7 47. Ra7+ Rf7 48. Ra6 Rf6 49. Ra7+ Kh6 50. Kf3 Kg5 51. Rh7 Nf5 52. Rd7 Rd6 53. Bxf5 Rxd7 54. Bxd7 Kh4 55. Kxf4 g5+ 1-0

[Event "Cagliari Province-ch"]
[Site "Sinnai"]
[Date "2001.01.20"]
[Round "1"]
[White "Cerina, Antonio"]
[Black "Cirina, Gianluca"]
[Result "0-1"]
[WhiteElo "1329"]
[BlackElo "1690"]
[PlyCount "38"]
[EventDate "2001.01.20"]
[EventType "swiss"]
[EventRounds "7"]
[EventCountry "ITA"]
[SourceTitle "EXT 2023"]
[Source "ChessBase"]
[SourceDate "2022.10.05"]
[SourceVersion "1"]
[SourceVersionDate "2022.10.05"]
[SourceQuality "1"]

1. Nf3 d5 2. g3 Nf6 3. Bg2 g6 4. 0-0 Bg7 5. d3 0-0 6. Nbd2 Nc6 7. h3 e5 8. Nh2 Be6 9. b3 Qd7 10. g4 Rad8 11. c4 e4 12. Qc2 Nd4 13. Qd1 Rfe8 14. Bb2 dxc4 15. Nxe4 Nxe4 16. Bxe4 f5 17. Bg2 fxg4 18. hxg4 Bxg4 19. f3 Nxe2+ 0-1